Most Common Chess Gambits - Statistics

General Stats
  • This quiz has been taken 25 times
  • The average score is 4 of 10
Answer Stats
Popularity (#) Answer % Correct
1 Queen's Gambit
100%
4 King's Gambit
96%
2 Evans Gambit
46%
9 Danish Gambit
42%
10 Scotch Gambit
33%
6 Benko Gambit
29%
5 Stafford Gambit
25%
3 Vienna Gambit
25%
7 Albin Countergambit
17%
8 Smith-Morra Gambit
17%
No matching quizzes found
Score Distribution
Percent of People with Each Score
Percentile by Number Answered
Your Score History
You have not taken this quiz